|
|
|
|
| LEADER |
01257nam a2200409 4500 |
| 001 |
DLU210196516 |
| 005 |
##20210531 |
| 008 |
##051205s2005 njua b 001 0 eng d |
| 010 |
# |
# |
|a 2005283944
|
| 020 |
# |
# |
|a 9812389180 (hbk.)
|
| 035 |
# |
# |
|a (CStRLIN)NYUGB13199175-B
|
| 035 |
# |
# |
|a (NNU)NYUb13199175
|
| 035 |
# |
# |
|a (OCoLC)ocm61433585
|
| 040 |
# |
# |
|a FTU
|c FTU
|d NNU
|d DLC
|
| 042 |
# |
# |
|a lccopycat
|
| 082 |
# |
# |
|a 003
|b Mic
|
| 245 |
# |
# |
|a Micro, meso, macro :
|b addressing complex systems couplings /
|c editors, Hans Liljenstorm, Uno Svedin.
|
| 260 |
# |
# |
|a Hackensack, N.J. :
|b World Scientific,
|c c2005.
|
| 300 |
# |
# |
|a x, 363 p. :
|b ill. ;
|c 22 cm.
|
| 504 |
# |
# |
|a Includes bibliographical references and index.
|
| 650 |
# |
# |
|a Coupled problems (Complex systems)
|
| 650 |
# |
# |
|a Mesoscopic phenomena (Physics)
|
| 650 |
# |
# |
|a System theory.
|
| 700 |
# |
# |
|a Liljenström, Hans, |d 1956-
|
| 700 |
# |
# |
|a Svedin, Uno,
|d 1943-
|
| 856 |
# |
# |
|3 Table of contents
|u http://www.loc.gov/catdir/toc/fy0606/2005283944.html
|
| 923 |
# |
# |
|a 01/2021
|
| 991 |
# |
# |
|a SH
|
| 992 |
# |
# |
|a 4108157
|
| 994 |
# |
# |
|a DLU
|
| 900 |
# |
# |
|a True
|
| 911 |
# |
# |
|a Nguyễn Thanh Hương
|
| 925 |
# |
# |
|a G
|
| 926 |
# |
# |
|a A
|
| 927 |
# |
# |
|a SH
|
| 980 |
# |
# |
|a Thư viện Trường Đại học Đà Lạt
|